Statistiques concernant They Shoot Pictures, Don't They? - films 601 à 620

Cliquez ici pour prendre le quiz!

Statistiques générales

  • Ce quiz a été pris 25 fois
  • Le résultat moyen est 6 sur 20

Statistiques - réponses

Réponse% Correct
Full Metal Jacket
91%
Jurassic Park
86%
Terminator 2 : Le Jugement Dernier
82%
Halloween
64%
Hana-bi
50%
Les Amants du Pont-Neuf
50%
Les Fils de l'homme
50%
Barton Fink
32%
Répulsion
27%
Délivrance
23%
Bienvenue Mister Chance
18%
Les Amours d'une blonde
18%
Pink Flamingos
18%
Edvard Munch
5%
Symbiopsychotaxiplasm: Take One
5%
As I Was Moving Ahead Occasionally I Saw Brief Glimpses of Beauty
0%
Grey Gardens
0%
Les Vitelloni
0%
Mon ami Ivan Lapchine
0%
Une longue journée qui s'achève
0%

Distribution des résultats

Percentile par nombre de réponses

% des personnes avec chaque résultat

Votre développement - résultats

Vous n’avez pas pris ce quiz